Statistics for South America and Carribean Capitals

Click here to take the quiz!

General Stats

  • This quiz has been taken 693 times
  • The average score is 25 of 32

Answer Stats

HintAnswer% Correct
cubahavana
93%
panamapanama city
93%
el salvadorsan salvador
92%
jamaicaKingston
91%
st vincent and the grenadineskingston
91%
guatemalaguatemala city
90%
perulima
90%
brazilbrasilia
89%
chilesantiago
89%
argentinabuenos aires
88%
uruguaymontevideo
88%
colombiabogota
87%
venezuelacaracas
85%
haitiport-au-prince
85%
ecuadorquito
85%
costa ricasan jose
83%
boliviala paz
82%
nicaraguamanagua
82%
paraguayasuncion
80%
guyanageorgetown
79%
dominican republicsanto domingo
78%
belizebelmopan
77%
hondurastegucigalpa
75%
surinameparamaribo
73%
trinidad and tobagoport of spain
71%
barbadosbridgetown
63%
antigua and barbudast johns
54%
st luciacastries
53%
dominicaroseau
52%
grenadast georges
52%
st. kitts and nevisbasseterre
50%
french guianacayenne
40%

Score Distribution

Percentile by Number Answered

Percent of People with Each Score

Your Score History

You have not taken this quiz